LEADER 01327nam0 22003251i 450 001 UON00231476 005 20231205103504.289 100 $a20030730d1979 |0itac50 ba 101 $aita 102 $aIT 105 $a|||| ||||| 200 1 $a Storia del concetto di spazio$fMax Jammer$gpref. di Albert Einstein, trad. di Alberto Pala 205 $aMilano : Feltrinelli$b1979 210 $a192 p.$a20 cm 215 $aTit. orig.: Concepts of Space. The History of Theories of Space in Physics. 410 1$1001UON00171504$12001 $aSC/10$eTeorie e metodi $1210 $aMilano$cFeltrinelli$v8 500 1$3UON00372152$a Concepts of Space. The History of Theories of Space in Physics$926939 606 $aEpistemologia$3UONC023402$2FI 606 $aSPAZIO$3UONC051145$2FI 620 $aIT$dMilano$3UONL000005 676 $a114$cSpazio$v20 700 1$aJAMMER$bMax$3UONV140317$01078 702 1$aEinstein$bAlbert$3UONV138483 712 $aFeltrinelli$3UONV246160$4650 801 $aIT$bSOL$c20250606$gRICA 899 $aSIBA - SISTEMA BIBLIOTECARIO DI ATENEO$2UONSI 912 $aUON00231476 950 $aSIBA - SISTEMA BIBLIOTECARIO DI ATENEO$dSI FS 02562 $eSI LO 17271 5 996 $aConcepts of space$926939 997 $aUNIOR LEADER 01253nam0 22002891i 450 001 UON00270053 005 20231205103751.266 100 $a20051129d1979 |0itac50 ba 101 $afre 102 $aCH 105 $a|||| ||||| 200 1 $aCharles VIII et les Italiens$ehistoire et mythes$fAnne Denis 210 $aGenève$cLibrairie Droz$d1979 215 $a185 p., 1 c. di tav.$cill.$d26 cm. 410 1$1001UON00285222$12001 $aTravaux d'humanisme et renaissance$1210 $aGenève$cLibrairie Droz$v167 606 $aCarlo 8. Re di Francia$xItalia$xInfluenza$3UONC059327$2FI 606 $aItalia$xStoria$xSec. 16.$3UONC075465$2FI 620 $aCH$dGenève$3UONL003003 676 $a945.054$cStoria generale d'Europa. Europa occidentale. Italia$v21 700 1$aDENIS$bAnne$3UONV160349$0315986 712 $aLibrairie Droz$3UONV246942$4650 801 $aIT$bSOL$c20260313$gRICA 899 $aSIBA - SISTEMA BIBLIOTECARIO DI ATENEO E ARCHIVIO STORICO$2UONSI 912 $aUON00270053 950 $aSIBA - SISTEMA BIBLIOTECARIO DI ATENEO E ARCHIVIO STORICO$dSI FS 08208 $eSI FP 18867 5 996 $aCharles VIII et les Italiens$91240189 997 $aUNIOR